Peace like a river. (Record no. 12028)

000 -LEADER
fixed length control field 00544nam a2200181 a 4500
001 - CONTROL NUMBER
control field :::00009830$&:&@@
003 - CONTROL NUMBER IDENTIFIER
control field OkBaRHE
005 - DATE AND TIME OF LATEST TRANSACTION
control field 20100401164352.0
008 - FIXED-LENGTH DATA ELEMENTS--GENERAL INFORMATION
fixed length control field s1942 j 000 0 eng u
040 ## - CATALOGING SOURCE
Transcribing agency
100 1# - MAIN ENTRY--PERSONAL NAME
Personal name Havner, Vance, 1901-
245 10 - TITLE STATEMENT
Title Peace like a river.
260 ## - PUBLICATION, DISTRIBUTION, ETC. (IMPRINT)
Place of publication, distribution, etc New York, NY.,
Name of publisher, distributor, etc Fleming H. Revell Company
Date of publication, distribution, etc 1942
300 ## - PHYSICAL DESCRIPTION
Extent 96 p. ;
Dimensions 21 cm.
650 ## - SUBJECT ADDED ENTRY--TOPICAL TERM
Topical term or geographic name as entry element Sermons
General subdivision American
942 ## - ADDED ENTRY ELEMENTS (KOHA)
Source of classification or shelving scheme
Koha item type Books
Copies
Copy number Barcode Permanent Location Koha item type Full call number Withdrawn status Price effective from Shelving location Date acquired Not for loan Damaged status Date last seen Source of classification or shelving scheme Lost status
19830RHEMA Bible Training CollegeBooksBV 4241 .H3 1942 2010-04-14General Stacks2010-04-14  2010-04-14